Principles of electromechanical energy conversion

Uloženo v:
Podrobná bibliografie
Hlavní autor: Meisel, Jerome (autor)
Médium: Kniha
Jazyk:angličtina
Vydáno: Nueva York McGraw-Hill 1966
Edice:McGraw-Hill Electrical and Electronic Engineering
Témata:
Tagy: Přidat tag
Žádné tagy, Buďte první, kdo vytvoří štítek k tomuto záznamu!

MARC

LEADER 00000nam a2200000 a 4500
001 UCU5257
003 CL-VaPUC
008 960531e19660000US |||||||||||||||||eng|d
082 0 4 |a 621.313  |b MEI  |2 21 
100 |a Meisel, Jerome  |e autor  |9 363640 
245 1 0 |a Principles of electromechanical energy conversion 
300 |a 639 p 
942 |c BK 
945 |d 19960531 00:00:00  |a paguirre 
260 |a Nueva York  |b McGraw-Hill  |c 1966 
650 0 |a Motores eléctricos   |9 260085 
650 0 |a Electricidad  |9 260222 
650 0 |a Ecuaciones  |9 260137 
650 0 |a Funciones   |9 263869 
650 0 |a Corrientes eléctricas   |9 354960 
583 |a last modification  |c 19960531 00:00:00  |k Rodrigo Vera 
490 0 |a McGraw-Hill Electrical and Electronic Engineering 
999 |c 248679  |d 248677 
952 |0 0  |1 0  |4 0  |6 621_313000000000000_MEI_1966  |7 0  |8 A  |9 265467  |a BIBING  |b BIBING  |d 2019-11-19  |i 167157K  |o 621.313 MEI 1966  |p 167157K  |r 2025-01-20  |w 2019-11-19  |y BK  |k EIE